000 00985nam a22003257a 4500
001 000007726
003 CHAP
005 20220329133538.0
008 971013s1991 r 00010 d
010 _a7667
011 _a8639
035 _a7868
040 _cCHAP
082 _a621.01
_bW3Y 1991
100 0 0 _aWark, Kenneth.
_9121078
245 0 _aTermodinámica.
260 _aMéxico, D.F. :
_bMcGraw-Hill,
_c1991.
300 _a923 p. :
_b: ilus. ; gráfs.
500 _aTrad. de: Termodynamics, 5 ed. en inglés, 1987
590 _aBATCH-UPD
_b10
_c20130110
_lUCH01
_h1757
590 _aBATCH-UPD
_b10
_c20130410
_lUCH01
_h1134
590 _aBATCH-UPD
_b10
_c20130914
_lUCH01
_h2044
590 _aCONVERSION
_b10
_c20130109
_lUCH01
_h1305
590 _aE11695DGD
_b10
_c20131023
_lUCH01
_h1257
650 1 4 _aTermodinámica.
_9112366
901 _aBK
942 _cLIBRO
942 _n0
949 _a621.01 W3Y 1987
_bBC
_cLIBRO
_d33724000014924
_eLIBRO
_gI. c/e
_h84003
_i7868
_si
_t51.00
999 _c7667
_d7667